| 000 | 00687nam a2200241 4500 | ||
|---|---|---|---|
| 001 | 36321 | ||
| 010 | _a9789899068872 | ||
| 021 | _aPT | ||
| 090 | _a36321 | ||
| 100 | _a20240708 pory50 | ||
| 101 | _apor | ||
| 102 | _aPT | ||
| 200 |
_aBELO SOBRO A história de um semeador de sonhos _fMafalda Bernardes da Silva _gMiguel Soares _gil. Rui Gaspar |
||
| 205 | _a2ª edição | ||
| 210 |
_aS/L _cAlfarroba _d2024 |
||
| 215 |
_a41 p. _cmuito il. _d22 cm |
||
| 606 |
_9187 _aHistórias para crianças |
||
| 700 |
_4070 _96664 _aSilva _bMafalda Bernardes da |
||
| 701 |
_4070 _96665 _aSoares _bMiguel |
||
| 702 |
_4440 _96666 _aGaspar _bRui |
||
| 801 |
_aPT _gRPC |
||
| 990 | _cLIVROS | ||
| 994 | _aCOMP | ||